[Event "South Moravia Region-chT 2223"]
[Site "Czech Republic"]
[Date "2022.11.13"]
[Round "3.5"]
[White "Sebek, Jan"]
[Black "Tovarek, Antonin1111"]
[Result "1-0"]
[WhiteElo "1877"]
[BlackElo "1968"]
[PlyCount "111"]
[EventDate "2022.10.09"]
[EventType "team-tourn"]
[EventRounds "11"]
[EventCountry "CZE"]
[SourceTitle "EXT 2024"]
[Source "ChessBase"]
[SourceDate "2023.10.10"]
[SourceVersion "1"]
[SourceVersionDate "2023.10.10"]
[SourceQuality "1"]

1. e4 c5 2. Nf3 Nc6 3. d4 cxd4 4. Nxd4 e5 5. Nb5 d6 6. N1c3 a6 7. Na3 b5 8. Nd5 Nf6 9. Bg5 Be7 10. Nxf6+ Bxf6 11. Bxf6 Qxf6 12. Qd5 Bb7 13. 0-0-0 0-0 14. f3 Rfd8 15. Qd2 Rac8 16. Bd3 Nd4 17. Rhf1 d5 18. c3 b4 19. Kb1 bxc3 20. bxc3 Ne6 21. Ka1 Nc5 22. Qc2 Qe7 23. Nb1 d4 24. c4 Bc6 25. Qd2 a5 26. Qc1 a4 27. Qa3 Ra8 28. Kb2 Qb7+ 29. Kc2 Rdb8 30. Nd2 Nxd3 31. Kxd3 Qb2 32. Qxb2 Rxb2 33. Ra1 a3 34. Rfb1 Rab8 35. Rxb2 axb2 36. Rb1 Ba4 37. g3 g6 38. f4 f6 39. fxe5 fxe5 40. Nf3 Rf8 41. Nxe5 Rf2 42. Kxd4 Rxh2 43. c5 Re2 44. Nd3 Bc6 45. Rxb2 Rxe4+ 46. Kc3 Re3 47. Rb4 Rxg3 48. a4 Re3 49. a5 Re8 50. a6 g5 51. Rb6 Be4 52. a7 g4 53. c6 Kf8 54. c7 g3 55. Rb8 g2 56. Rxe8+ 1-0

[Event "CZE-chT2E 1718"]
[Site "Czech Republic"]
[Date "2017.11.05"]
[Round "2.8"]
[White "Smilek, Petr"]
[Black "Sebek, Jan"]
[Result "1-0"]
[WhiteElo "1940"]
[BlackElo "1945"]
[PlyCount "71"]
[EventDate "2017.10.15"]
[EventType "team-tourn"]
[EventRounds "11"]
[EventCountry "CZE"]
[SourceTitle "EXT 2022"]
[Source "ChessBase"]
[SourceDate "2021.10.06"]
[SourceVersion "1"]
[SourceVersionDate "2021.10.06"]
[SourceQuality "1"]
[WhiteTeam "Vsetin"]
[BlackTeam "Brno VSK Univ"]
[WhiteTeamCountry "CZE"]
[BlackTeamCountry "CZE"]

1. e4 c5 2. Nc3 Nc6 3. f4 d6 4. Nf3 g6 5. Bb5 Bg7 6. Bxc6+ bxc6 7. 0-0 Nf6 8. d3 0-0 9. Qe1 Rb8 10. b3 Bg4 11. Bd2 Re8 12. Qh4 Bxf3 13. Rxf3 e6 14. Raf1 Nd7 15. Qh3 Qa5 16. e5 d5 17. Kh1 Qd8 18. Be1 Rb7 19. Na4 Rb5 20. c4 Rb7 21. Bh4 Qa5 22. Bg5 Qd2 23. R3f2 Qa5 24. Qh4 Rbb8 25. Rf3 Rb7 26. g4 a6 27. Rh3 Nf8 28. Bf6 Rd7 29. f5 exf5 30. gxf5 dxc4 31. Bxg7 h5 32. fxg6 Nxg6 33. Qxh5 Kxg7 34. Qh7+ Kf8 35. Qxg6 Re6 36. Qxe6 1-0